00607nam a2200157 a 450000500170000000800410001702000180005805000270007610000240010324500990012725000080022626000520023430000170028650001160030365000300041920140412111332.0030325s19uu xx 00 eng d a9789810109325 aTR(GS 372.7bK582 2007 aKheong, Dr. Fong Ho aMaths Homework 2A:bmy pals are here! /cDr. Fong Ho Kheong, Chelvi Ramakrishnan, Lau Pui Wah. a2nd aMalaysia :bTimes Media Private Limited,c2007. a162p. ; ill. aContents: Mass--Picture Graphs--Numbers to 40--Multiplication--Division--Time--Numbers to 100--Money 1--Money 2 aMath--Juvenile literature